United States Logic Puzzle Quiz Stats

 Plays Quiz Updated Jul 14, 2018

Challenge
Share
Tweet
Score 0/25 Timer 20:00
3 Plays Today
Box State % Correct





A1
???
100%





C1
???
98.9%





C3
???
98.9%





A5
???
66.3%





D1
???
65.7%





A2
???
59%





D5
???
46.7%





D2
???
44.4%





E5
???
30.2%





B2
???
25.8%





D3
???
24.9%





D4
???
23%





E3
???
22.6%
Box State % Correct





B1
???
22.4%





E2
???
21.1%





B3
???
20.9%





E4
???
20.6%





B4
???
19.5%





C5
???
15.3%





B5
???
14.4%





C2
???
14.2%





A4
???
13.4%





C4
???
12%





A3
???
10.6%





E1
???
10.2%

You're not logged in!

Compare scores with friends on all Sporcle quizzes.
Join for Free
OR
Log In

You Might Also Like...

Show Comments

Extras

Top Quizzes Today


Score Distribution

Your Account Isn't Verified!

In order to create a playlist on Sporcle, you need to verify the email address you used during registration. Go to your Sporcle Settings to finish the process.

Report this User

Report this user for behavior that violates our Community Guidelines.

Details: